Report on the investigation of kiln-sites of Ju-type ware and Chun ware in Lin-Ju Hsien, Honan.

Saved in:
Bibliographic Details
Main Author: Feng, Hsien-ming
Format: Book
Language:English
Published: Lond. : Oriental Ceramic Society, 1968.
Series:Chinese translations (Oriental Ceramic Society) ; no. 3.
Subjects:
LEADER 00982nam a22002411 4500
001 c000195499
003 CARM
005 20021125001700.0
008 851003s1968 enk 0 eng d
019 1 |a 3970727  |z 45904659  |5 LACONCORD2021 
035 |a (OCoLC)216903376  |5 LACONCORD2021 
100 1 |a Feng, Hsien-ming. 
245 1 0 |a Report on the investigation of kiln-sites of Ju-type ware and Chun ware in Lin-Ju Hsien, Honan. 
260 |a Lond. :  |b Oriental Ceramic Society,  |c 1968. 
300 |a 25pp. 
490 1 |a Chinese translations / Oriental Ceramic Society ;  |v no. 3 
500 |a Orig. pub. in Wen Wu, 1964, no.8. 
650 0 |a Pottery, Chinese. 
830 0 |a Chinese translations (Oriental Ceramic Society) ;  |v no. 3. 
852 8 |b CARM  |h A2:AE26H0  |i F00762  |p 0290725  |f BK 
082 0 4 |a 738.27 
999 f f |i b1e373a9-6da1-5947-8c1f-619915319d23  |s e0e0f711-fb32-5ebc-929f-455366d33105 
952 f f |p Can circulate  |a CAVAL  |b CAVAL  |c CAVAL  |d CARM 1 Store  |e F00762  |f A2:AE26H0  |h Other scheme  |i book  |m 0290725